Just Read the Map II Quiz Stats

 Plays Quiz Updated Apr 2, 2012

Also try: Just Read the Map
Challenge
Share
Tweet
Score 0/16 Timer 04:00
6 Plays Today
# City % Correct
1Paris
98.2%
5Moscow
75.3%
12Dublin
75%
16London
73.3%
13Vatican City
71.8%
7Istanbul
64.9%
8Venice
63.1%
6Athens
57.9%
# City % Correct
11Madrid
53%
10Copenhagen
46.1%
2Stockholm
45.1%
3Glasgow
39.5%
9Zürich
28.4%
14Stuttgart
21.4%
4Bonn
18.1%
15Cannes
10.9%

You're not logged in!

Compare scores with friends on all Sporcle quizzes.
Join for Free
OR
Log In

You Might Also Like...

Show Comments

Extras

Top Quizzes Today


Score Distribution

Your Account Isn't Verified!

In order to create a playlist on Sporcle, you need to verify the email address you used during registration. Go to your Sporcle Settings to finish the process.

Report this User

Report this user for behavior that violates our Community Guidelines.

Details: